Population aging and global capital flows in a parallel universe

Uložené v:
Podrobná bibliografia
Hlavný autor: Brooks, Robin
Médium: Kniha
Jazyk:English
Vydavateľské údaje: Washington International Monetary Fund 2000
Edícia:IMF Working Paper WP/00/151
Predmet:
Tagy: Pridať tag
Žiadne tagy, Buďte prvý, kto otaguje tento záznam!

MARC

LEADER 00000nam a2200000 4500
001 c124398
005 20221221083224.0
041 0 |a eng 
044 |a US 
245 1 0 |a Population aging and global capital flows in a parallel universe  |c Robin Brooks 
264 1 |a Washington  |b International Monetary Fund  |c 2000 
300 |a 30 s. 
490 1 |a IMF Working Paper  |v WP/00/151 
830 0 |a IMF Working Paper  |v WP/00/151 
610 2 0 |a populácia 
610 2 0 |a vek 
610 2 0 |a kapitál 
610 2 0 |a financie medzinárodné 
610 2 0 |a pohyb kapitálu 
100 1 |a Brooks, Robin